000 00703nam a2200229Ia 4500
001 16646
003 GE_BSU
008 181216s||||||||xx |||||||||||||| ||und||
040 _cGE_BSU
080 _a821.353.1-32
100 _aმოდებაძე, ნოდარ
245 _aმახინჯი
245 _bმოთხრობები
245 _cრედ.ზ.ფირცხალაიშვილი.მხ.რედ.ჯ.მიქელაძე
260 _aბათუმი
260 _bსაბჭ. აჭარა
260 _c1981
300 _a170გვ. ; 20სმ
653 _aმახინჯი
653 _aმოთხრობები
942 _cBK
999 _c49712
_d49712